000 00343nam a2200145Ia 4500
008 230718s9999 xx 000 0 und d
041 _aEng.
082 _a340
_bSNE-P
100 _aSneed, Malik, M (ed)
245 0 _aP. L. D (1994)
260 _aPakistan
_bAll Palastan legal decision
_c1994
300 _a907
650 _aLaw
999 _c27073
_d27073